Legia Warszawa w europejskich pucharach w XXI wieku - Statistics

General Stats
  • This quiz has been taken 46 times
    5 since last reset
  • The average score is 30 of 102
Answer Stats
Sezon Rozgrywki Runda Kraj Przeciwnik % Correct
1/4 Anglia Chelsea
100%
Ligowa Gibraltar Lincoln Red Imps
100%
Ligowa Białoruś Dynama Mińsk
75%
Liga Konferencji PO Szkocja Hibernian
75%
Ligowa Słowenia NK Celje
75%
Ligowa Armenia Noah Erywań
75%
Ligowa Hiszpania Real Betis
75%
Ligowa Turcja Samsunspor
75%
Ligowa Czechy Sparta Praga
75%
3Q Cypr AEK Larnaka
50%
1/16 Holandia AFC Ajax
50%
1R | 3Q Austria Austria Wiedeń
50%
Grupa Holandia AZ Alkmaar
50%
Grupa Niemcy Borussia Dortmund
50%
3Q Dania Brøndby IF
50%
3Q Chorwacja Dinamo Zagrzeb
50%
PO Irlandia Dundalk FC
50%
Liga Europy 3Q Luksemburg F91 Dudelange
50%
Liga Europy 1Q | PO Kazachstan FK Aktöbe
50%
2021/22 Liga Mistrzów 1Q Norwegia FK Bodø/Glimt
50%
2Q Rosja FK Moskwa
50%
Grupa Anglia Leicester City
50%
1/16 | 1/8 | 3Q Norwegia Molde FK
50%
2Q | Ligowa Cypr Omonia Nikozja
50%
Grupa Holandia PSV Eindhoven
50%
Grupa Hiszpania Real Madryt
50%
Grupa | PO Rosja Spartak Moskwa
50%
1/16 | Grupa Portugalia Sporting Lizbona
50%
Grupa Włochy SSC Napoli
50%
Grupa Anglia Aston Villa
25%
2Q Czechy Banik Ostrawa
25%
2024/25 Liga Konferencji 2Q Walia Caernarfon Town
25%
3Q Szkocja Celtic FC
25%
Grupa Belgia Club Brugge
25%
3Q Hiszpania FC Barcelona
25%
Ligowa Szwajcaria FC Lugano
25%
Grupa | PO Dania FC Midtjylland
25%
3Q Kazachstan FK Astana
25%
Ligowa Serbia FK TSC Bačka Topola
25%
2Q Estonia Flora Tallin
25%
Liga Europy 3Q | PO Kosowo KF Drita Gnjilane
25%
2Q Finlandia Kuopion Palloseura
25%
Liga Europy Grupa Włochy Lazio Rzym
25%
2023/24 Liga Konferencji 2Q Kazachstan Ordabasy Szymkent
25%
PO Azerbejdżan Qarabağ Ağdam
25%
PO Szkocja Rangers FC
25%
Liga Europy PO Czechy Slavia Praga
25%
2Q Słowacja Spartak Trnawa
25%
PO Rumunia Steaua Bukareszt
25%
3Q | Ligowa Ukraina Szachtar Donieck
25%
2004/05 Puchar UEFA 2Q Gruzja TC Tbilisi
25%
2013/14 Liga Mistrzów 2Q Walia The New Saints FC
25%
2016/17 Liga Mistrzów 2Q | Grupa Bośnia i Hercegowina Zrinjski Mostar
25%
Grupa Cypr Apollon Limassol
0%
3Q Słowacja AS Trenčín
0%
2018/19 Liga Mistrzów 1Q Irlandia Cork City
0%
Ligowa Szwecja Djurgårdens IF
0%
2001/02 Puchar UEFA Q Luksemburg Etzella Ettelbruck
0%
2019/20 Liga Europy 1Q Giblartar Europa FC
0%
2015/16 Liga Europy 2Q Rumunia FC Botoșani
0%
2R Niemcy FC Schalke 04
0%
Puchar UEFA 1R Holandia FC Utrecht
0%
2005/06 Puchar UEFA 2Q Szwajcaria FC Zürich
0%
2008/09 Puchar UEFA 1Q Białoruś FK Homel
0%
3Q Albania FK Kukësi
0%
2011/12 Liga Europy 3Q Turcja Gaziantepspor
0%
2006/07 Liga Mistrzów 2Q Islandia Hafnarfjarðar
0%
Grupa Izrael Hapoel Tel Awiw
0%
1R Szwecja IF Elfsborg
0%
2017/18 Liga Mistrzów 2Q Finlandia IFK Mariehamn
0%
Grupa Belgia KSC Lokeren
0%
2020/21 Liga Mistrzów 1Q Irlandia Płn. Linfield FC
0%
Grupa Turcja Metalist Charków
0%
2012/13 Liga Europy 2Q Łotwa Metalurgs Lipawa
0%
2009/10 Liga Europy 2Q Gruzja Olimpi Rustawi
0%
3Q Grecja PAE Atromitos
0%
Grupa Rumunia Rapid Bukareszt
0%
4Q Norwegia Rosenborg BK
0%
Liga Europy PO Mołdawia Sheriff Tyraspol
0%
2014/15 Liga Mistrzów 2Q Irlandia St. Patrick’s Athletic FC
0%
3Q Austria SV Ried
0%
Grupa Turcja | Ukraina Trabzonspor
0%
2R Hiszpania Valencia CF
0%
2007 Puchar Intertoto 2R Litwa Vetra Wilno
0%
2002/03 Liga Mistrzów 2Q Macedonia Płn. Wardar Skopje
0%
PO Ukraina Zoria Ługańsk
0%
No matching quizzes found
Score Distribution
Percent of People with Each Score
Percentile by Number Answered
Your Score History
You have not taken this quiz since the last reset